Vymožiteľnosť práv priemyselného vlastníctva

Transportovanie smernice Európskeho parlamentu a Rady 2004/48/ES o vymožiteľnosti práv duševného vlastníctva (smernica 2004/48/ES) do nášho právneho systému zákonom č.84/2007 Z. z., ktorým sa mení a dopĺňa zákon č. 618/2003 Z. z. o autorskom práve a právach súvisiacich s autorským právom a o zmene a...

Descrizione completa

Salvato in:
Dettagli Bibliografici
Autore principale: Bachratý, Ján
Natura: Capitolo di libro
Lingua:slovacco
Soggetti:
Tags: Aggiungi Tag
Nessun Tag, puoi essere il primo ad aggiungerne!!

MARC

LEADER 00000naa$a2200000$$$4500
001 0064829
005 20231127085855.2
041 0 |a slo 
044 |a SK 
245 1 0 |a Vymožiteľnosť práv priemyselného vlastníctva  |c Ján Bachratý 
520 |a Transportovanie smernice Európskeho parlamentu a Rady 2004/48/ES o vymožiteľnosti práv duševného vlastníctva (smernica 2004/48/ES) do nášho právneho systému zákonom č.84/2007 Z. z., ktorým sa mení a dopĺňa zákon č. 618/2003 Z. z. o autorskom práve a právach súvisiacich s autorským právom a o zmene a doplnení niektorých zákonov, ktorý nadobudol účinnosť 1. marca 2007. 
610 2 0 |a vlastníctvo priemyselné 
610 2 0 |a smernice 
610 2 0 |a poriadok súdny občiansky 
610 2 0 |a vlastníctvo duševné 
100 1 |a Bachratý, Ján